000 02517cam a22005174i 4500
003 PE-LiUPU
005 20250731173345.0
008 150706s r 000 0 d
020 _a0567083829
035 _a(Sirsi) i9780567083821
040 _aPE-LiUPU
_bspa
_cPE-LiUPU
_erda
049 _aPRUA
082 0 4 _a275.64
_bS59
_221
100 1 _aSlee, Michelle,
_eautor.
245 1 4 _aThe church in antioch in the first century ce :
_bcommunion and conflict /
_cMichelle Slee.
264 1 _aLondon ; New York :
_bSheffield Academic Press,
_c2003.
300 _a214 páginas :
_bilustraciones ;
_c24 centímetros
336 _atext
_2rdacontent
337 _aunmediated
_2rdamedia
338 _avolume
_2rdacarrier
490 0 _aJournal for the study of the New Testament. Supplement series ;
_v244
504 _aIncluye bibliografía.
505 0 _aGentiles in the early church and the conflict in Antioch: The evidence from acts and Galatians -- The conflict between the hellenists and the Hebrews in Jerusalem -- An examination of the Jewish-Gentile Church in Antioch -- The Jerusalem conference and the incident in Antioch -- The didache -- An examination of the place of composition and date of the didache -- An examination of didache 1-10 in light of the situation in Antioch -- An examination of didache 11-16 -- The Gospel of Matthew -- The place of composition and the date of the Gospel -- The place of Gentiles in the Gospel of Matthew -- Authority figures in the Matthean community.
526 _aSEG42
526 _aSEG41
526 _aSEG40
526 _aSEG39
526 _aP94
526 _aP87
526 _aP86
526 _aP85
526 _aP77
526 _aP76
526 _aP35
541 _g48101-1479;
630 0 4 _aBiblia.
_pN.T.
_pGálatas II, 11-14
_xCrítica, interpretación, etc.
630 0 4 _aBiblia.
_pN.T.
_pHechos XV
_xCrítica, interpretación, etc.
630 0 4 _aBiblia.
_pN.T.
_pMateo
_xCrítica, interpretación, etc.
650 2 4 _aDidajé.
910 _agl
_bjv
_clch
_d20091119
942 _2ddc
_cBOOK
949 _a275.64 S59
_wDEWEY
_c1
_i60649
_lCCODEBUL1
_mBUL
_p42.00
_r0
_sY
_tBOOK
_u2015-7-6
_xTEOLOGIA
_zUNKNOWN
_0COMPRA
_o.STAFF. Colección General
994 _aC0
_bPEPRU
596 _a1
999 _a275.64 S59
_wDEWEY
_c50065
_i60649
_d50065
_f2021-11-11
_g5
_lCCODEBUL1
_mBUL
_p42.00
_q1
_r0
_sY
_tBOOK
_u2015-7-6
_xTEOLOGIA
_zUNKNOWN
_0COMPRA
_o.STAFF. Colección General
980 _81
_gALBERTO SANCHEZ Responsable de Automatización